000 00609nam a22002177a 4500
003 UA-OsUOA
001 63736
007 ta
008 20091019b un ||||| |||| 00| 0 ukr d
100 _aСергійчук В.
090 _a94(477)
_bС32
942 _cSA
040 _aUA-OsUOA
_bukr
_cUA-OsUOA
_dUA-OsUOA
245 _aШлях державності і волі. 50 років тому загинув Степан Бандера
300 _aС.9
955 _a0
041 _aukr
080 _a94(477)
773 0 _w63735
650 7 _a9 Географія. Біографії. Історія
_2UDC
999 _c349782
_d349782